Sabiduría / [por] José Vilchez Lindez

Gardado en:
Detalles Bibliográficos
Autor Principal: Vílchez Líndez, José (autor)
Formato: Libro
Temas:
Etiquetas: Engadir etiqueta
Sen Etiquetas, Sexa o primeiro en etiquetar este rexistro!

MARC

LEADER 00000nam^a2200000^u^4500
001 000544135
005 20250521000000.0
008 060220s1000^^^^^^^^^^^^r^^^^^000^0^spa^d
009 20260310131322.54
035 |a FMI 000013218 
037 |a Acervo Xavier Clavigero 
096 |a 1.2/37/D 
100 |a Vílchez Líndez, José  |e (autor) 
245 1 0 |a Sabiduría / [por] José Vilchez Lindez 
264 |a Estella (Navarra) : Verbo Divino, 1990 
300 |a v. 
336 |a texto  |b txt  |2 rdacontenido 
337 |a sin mediación  |b n  |2 rdamedio 
338 |a volumen  |b nc  |2 rdasoporte 
649 |a XX 
650 |a COMENTARIOS BIBLICOS 
910 |a Fondo Francisco Migoya Covarrubias S.J. 
920 |a Impresos - Libros 
930 |a Fondos Especiales 
905 |a 134 
901 |a SBC15463  |b IT2  |c ESP  |u 20250521 
902 |a https://opac.biblio.iteso.mx/vufind/Record/000544135